Panchhi preet ki reet nibha -geet part 1 : (Record no. 43349)
[ view plain ]
| 000 -LEADER | |
|---|---|
| fixed length control field | 01170njm a22002657a 4500 |
| 005 - DATE AND TIME OF LATEST TRANSACTION | |
| control field | 20100901134337.0 |
| 008 - FIXED-LENGTH DATA ELEMENTS--GENERAL INFORMATION | |
| fixed length control field | 100901t xxu||||| |||| 00| 0 hin d |
| 028 ## - PUBLISHER NUMBER | |
| Publisher number | N. 20149 |
| Source | His Master's Voice |
| 028 ## - PUBLISHER NUMBER | |
| Publisher number | OMC. 23864 |
| Source | His Master's Voice |
| 028 ## - PUBLISHER NUMBER | |
| Publisher number | OMC. 23866 |
| Source | His Master's Voice |
| 035 ## - SYSTEM CONTROL NUMBER | |
| System control number | GR-184 |
| 040 ## - CATALOGING SOURCE | |
| Original cataloging agency | SED/VEN |
| 100 ## - MAIN ENTRY--PERSONAL NAME | |
| Personal name | Talat Mahmood |
| 9 (RLIN) | 17903 |
| 245 ## - TITLE STATEMENT | |
| Title | Panchhi preet ki reet nibha -geet part 1 : |
| Remainder of title | Hindustani / |
| Statement of responsibility, etc | by Talat Mahmood ; music by Amar Singh ; lyric by Ehsan Mirithi |
| Medium | [sound recording] |
| 246 ## - VARYING FORM OF TITLE | |
| Title proper/short title | पंछी प्रीत की रीत निभा -गीत (तलत महमूद ) |
| 260 ## - PUBLICATION, DISTRIBUTION, ETC. (IMPRINT) | |
| Place of publication, distribution, etc | Dum Dum India |
| Name of publisher, distributor, etc | His Master's Voice |
| 300 ## - PHYSICAL DESCRIPTION | |
| Extent | 1 sound disc [Gramophone record] : |
| Other physical details | analog 33 1/3 rpm |
| Dimensions | 10 in. |
| Type of unit | Gramophone Record |
| 500 ## - GENERAL NOTE | |
| General note | Brief Record |
| 505 ## - FORMATTED CONTENTS NOTE | |
| Formatted contents note | Bahare zismo jan hai -gazal (बहारे जिस्मों जां है -ग़ज़ल ) पार्ट 2 |
| 650 ## - SUBJECT ADDED ENTRY--TOPICAL TERM | |
| Topical term or geographic name as entry element | Classical music |
| General subdivision | Excerpts |
| Geographic subdivision | India |
| 9 (RLIN) | 17904 |
| 700 ## - ADDED ENTRY--PERSONAL NAME | |
| Personal name | Amar Singh |
| 9 (RLIN) | 17905 |
| 700 ## - ADDED ENTRY--PERSONAL NAME | |
| Personal name | Mirithi, Ehsan |
| 9 (RLIN) | 17967 |
| 942 ## - ADDED ENTRY ELEMENTS (KOHA) | |
| Source of classification or shelving scheme | Dewey Decimal Classification |
| Item type | Gramaphone Records |
| Withdrawn status | Lost status | Source of classification or shelving scheme | Damaged status | Not for loan | Home library | Current library | Date acquired | Total Checkouts | Barcode | Date last seen | Copy number | Price effective from | Koha item type |
|---|---|---|---|---|---|---|---|---|---|---|---|---|---|
| Dewey Decimal Classification | Not For Loan | Central Library | Central Library | 01/09/2010 | GR-184 | 01/09/2010 | 1 | 01/09/2010 | Gramaphone Records |
